000 01040nam0a22002651 4500
001 rc\527110
005 20260406165847.0
010 _a5-229-00190-9
_9600
035 _a(NLR Aleph) 005765491
090 _a4981950
_c4981950
100 _a20030616d1988 |||y0rusy50 ca
101 0 _arus
102 _aRU
105 _aa |||||||||
200 1 _aПроизводство и свойства термически обработанного проката
_eТемат. сб. науч. тр.
_fИн-т чер. металлургии
_g[Редкол. Узлов И.Г. (пред.) и др.]
210 _aМ.
_cМеталлургия
_d1988
215 _a127 с.
_cил.
_d21
320 _aБиблиогр. в конце ст.
702 1 _aУзлов
_bИ.Г.
_gИван Герасимович
_4340
712 0 2 _aИнститут черной металлургии
_cДнепропетровск
_3RU\NLR\AUTH\889937179
_9369135
801 0 _aRU
_bNLR
_gpsbo
801 1 _aRU
_bELAR
_2rusmarc
852 _aNLR
_j88-3/6552
942 _cBOOK
980 _aNB